Geocrítica : La teoría de los sistemas y la geografía humana /
Obra que indaga el funcionamiento de un sistema social desde la perspectiva de la teoría de sistemas. Da cuenta de las características de los procesos energéticos tal como las concibe la teoría geográfica y la teoría de la información y se ocupa de la aplicación de la teoría de sistemas a la geograf...
-д хадгалсан:
| Үндсэн зохиолч: | |
|---|---|
| Формат: | Ном |
| Хэл сонгох: | испани |
| Нөхцлүүд: | |
| Шошгууд: |
Шошго байхгүй, Энэхүү баримтыг шошголох эхний хүн болох!
|
MARC
| LEADER | 00000nam^a2200000^a^4500 | ||
|---|---|---|---|
| 001 | 000092198 | ||
| 005 | 20250521000000.0 | ||
| 009 | 20260310092713.501 | ||
| 037 | |a Acervo ITESO - Biblioteca | ||
| 041 | |a ESP | ||
| 082 | |a 910. 5 |b GEO V. 17 | ||
| 100 | |a Quesada, Santiago |e (autor) | ||
| 240 | 1 | 1 | |a [Geocrítica] |
| 245 | 1 | 0 | |a Geocrítica : |b La teoría de los sistemas y la geografía humana / |c S. Quesada. |
| 264 | |a Barcelona, España : |b Universidad de Barcelona, Facultad de Geografía e Historia, |c 1978 | ||
| 300 | |a 33 p. | ||
| 336 | |a texto |b txt |2 rdacontenido | ||
| 337 | |a sin mediación |b n |2 rdamedio | ||
| 338 | |a volumen |b nc |2 rdasoporte | ||
| 520 | |a Obra que indaga el funcionamiento de un sistema social desde la perspectiva de la teoría de sistemas. Da cuenta de las características de los procesos energéticos tal como las concibe la teoría geográfica y la teoría de la información y se ocupa de la aplicación de la teoría de sistemas a la geografía humana. | ||
| 649 | |a XX | ||
| 650 | |a Geografía - |x Publicaciones Periódicas Españolas | ||
| 650 | |a Sociedad | ||
| 650 | |a Teoría de Sistemas | ||
| 650 | |a Geografía Humana | ||
| 650 | |a Sociología | ||
| 910 | |a Fondo General | ||
| 920 | |a Impresos - Libros | ||
| 930 | |a Colección General | ||
| 905 | |a 101 | ||
| 901 | |a 0500026485 |b IT1 |c ACC |u 20250521 | ||
| 901 | |a 0500048184 |b IT1 |c ACC |u 20250521 | ||
| 902 | |a https://opac.biblio.iteso.mx/vufind/Record/000092198 | ||